000 00369nam a2200145Ia 4500
008 220216s9999 xx 000 0 und d
100 _aRende Fan
245 0 _aChinese rubber industry after Chinas entry into WTO
260 _bRubber International Magazine
_c2004
300 _a19-22
650 _aChina
650 _aRubber industry
650 _aWTO
942 _cJS
999 _c55559
_d55559